'C' in Geography Quiz Stats

 Plays Quiz Updated Jul 13, 2017

Also try: 'R' in Geography
Challenge
Share
Tweet
Score 0/16 Timer 05:00
17 Plays Today
Question Answer % Correct
Can you name the US state whose outline is in the images above?California
94.8%
What US state meets three others at a famous quadripoint?Colorado
90.8%
Which 'Tropic' currently lies 23° 26′ 13.4″S of the equator?Capricorn
86.9%
Can you name the landmark in the images above?Colosseum
86.5%
Which of South Africa's three capitals is the seat of the parliament?Cape Town
81%
What city was the capital of many empires and is now known as Istanbul?Constantinople
80.7%
What is the name given to the study of map making?Cartography
79.5%
Can you name the country whose flag is in the images above?Cyprus
76%
Question Answer % Correct
What is the name of the world's largest inland body of water, situated in west Asia?Caspian Sea
68%
In terms of passenger traffic, which airport is France's busiest and the world's 10th busiest?Charles de Gaulle
66.1%
What British overseas territory in the Caribbean is a major offshore financial center?Cayman Islands
63.4%
Can you name the country whose passport is in the images above?Canada
62.9%
What French island lies north of Sardinia, in the Mediterranean Sea?Corsica
62.3%
What neighborhood in Rio de Janeiro is best known for its famous beach of the same name?Copacabana
60.6%
What was Sri Lanka known as before 1972?Ceylon
58.3%
What state in northwest Mexico, which borders the US, is Mexico's largest by area?Chihuahua
49%

You're not logged in!

Compare scores with friends on all Sporcle quizzes.
OR
Log In

You Might Also Like...

Show Comments

Extras

Top Quizzes Today


Score Distribution

Your Account Isn't Verified!

In order to create a playlist on Sporcle, you need to verify the email address you used during registration. Go to your Sporcle Settings to finish the process.

Report this User

Report this user for behavior that violates our Community Guidelines.

Details: